El Tiempo (duración), cálculos, tamaños y dinero (Nivel 1) - Statistics

General Stats
  • This quiz has been taken 5 times
  • The average score is 20 of 484
Answer Stats
Hint Answer % Correct
now ahora
80%
often a menudo
40%
today hoy
40%
tall, high alto
20%
last night anoche
20%
the day before yesterday anteayer
20%
each/every day cada día
20%
zero cero
20%
five cinco
20%
short corto
20%
four cuatro
20%
four hundred cuatrocientos
20%
after(wards) después
20%
ten diez
20%
twelve doce
20%
two dos
20%
two thousand dos mil
20%
April el abril
20%
August el agosto
20%
year el año
20%
last year el año pasado
20%
purse, handbag el bolso
20%
calendar el calendario
20%
first chapter el capítulo primero
20%
centimeter el centímetro
20%
day el día
20%
December el diciembre
20%
money el dinero
20%
Sunday el domingo
20%
January el enero
20%
euro el euro
20%
February el febrero
20%
gram el gramo
20%
July el julio
20%
June el junio
20%
limit el límite
20%
Monday el lunes
20%
Tuesday el martes
20%
March el marzo
20%
May el mayo
20%
month el mes
20%
metre el metro
20%
millimetre el milímetro
20%
November el noviembre
20%
October el octubre
20%
the past el pasado
20%
plate el plato
20%
the present el presente
20%
first of May el primero de mayo
20%
September el septiembre
20%
time el tiempo
20%
fat gordo
20%
big, tall grande
20%
bag la bolsa
20%
division la división
20%
duration la duración
20%
light of day la luz del día
20%
tomorrow la mañana
20%
mile la milla
20%
night la noche
20%
break, pause la pausa
20%
next week la próxima semana
20%
long largo
20%
week la semana
20%
next week la semana próxima
20%
solution la solución
20%
area, zone la zona
20%
to arrive soon llegar pronto
20%
to arrive late llegar tarde
20%
to arrive early llegar temprano
20%
then, afterwards luego
20%
thousand mil
20%
nine nueve
20%
never nunca
20%
eight ocho
20%
eight hundred ochocientos
20%
eleven once
20%
day after tomorrow pasado mañana
20%
small pequeño
20%
in the morning por la mañana
20%
in the afternoon/evening por la tarde
20%
rich rico
20%
second segundo
20%
six seis
20%
seven siete
20%
I'm the first Soy el primero
20%
thirteen trece
20%
three tres
20%
one year un año
20%
one uno
20%
ten veinte
20%
twenty-four veinticuatro
20%
twenty-two veintidós
20%
twenty-three veintitrés
20%
twenty-one years veintiún años
20%
twenty-one veintiuno
20%
already, now ya
20%
It has just struck Acaban de dar las siete
0%
to finish a task acabar una tarea
0%
What's the date? ¿A cuánto estamos?
0%
at ten o'clock at night a las diez de la noche
0%
on the following day al día siguiente
0%
wide ancho
0%
the day before yesterday antes de ayer
0%
before the meeting antes de la reunión
0%
Before, I told him/her that... Antes, le dije que...
0%
from now on a partir de ahora
0%
to calculate calcular
0%
heads or tails cara o cruz
0%
fourteen catorce
0%
hundreds of boys centenares de chicos
0%
a hundred books cien libros
0%
hundreds of girls cientas de chicas
0%
hundreds of trees cientos de árboles
0%
a hundred and one ciento uno
0%
hundred and twenty-five ciento veinticinco
0%
five per cent cinco por ciento
0%
fifty cincuenta
0%
fifty-one cincuenta y uno
0%
la hora punta commute/rush hour
0%
to compare comparar
0%
frequently con frecuencia
0%
la decena de muchachas contar de uno hasta diez
0%
What’s the height of the pyramid? ¿Cuál es la altura de la pirámide?
0%
How wide is . . . ? ¿Cuál es la anchura de . . . ?
0%
What's half of fifteen? ¿Cuál es la mitad de quince?
0%
What's a third of thirty? ¿Cuál es la tercera parte de treinta?
0%
When she returned Cuando volvió
0%
How much is it? ¿Cuánto es?
0%
How much is three times two? ¿Cuánto son tres por dos?
0%
How many are they? ¿Cuántos son?
0%
forty cuarenta
0%
forty-one cuarenta y uno
0%
fourth cuarto
0%
tenth décimo
0%
to waste money derrochar el dinero
0%
after seven o'clock después de las siete
0%
nineteen diecinueve
0%
eighteen dieciocho
0%
sixteen dieciséis
0%
Sixteen minus five equals eleven Dieciséis menos cinco igual a once
0%
seventeen diecisiete
0%
to double a bet doblar una apuestas
0%
two hundred girls doscientas chicas
0%
two hundred boys doscientos chicos
0%
two thousand four hundred dos mil cuatrocientos
0%
Two and two are four Dos y dos son cuatro
0%
twelfth duodécimo
0%
to double investments duplicar inversiones
0%
to last durar
0%
large chest el arcón
0%
former Argentine unit of currency el austral
0%
washbowl, washing-up bowl el barreño
0%
barrel of wine el barril
0%
cask of wine el barrilete de vino
0%
bill, note el billete
0%
lottery ticket el billete de lotería
0%
bowl of milk el bol de leche
0%
pocket el bolsillo
0%
can/tin of jam/marmalade el bote de mermelada
0%
bottle rack el botellero
0%
small bottle of beer el botellín de cerveza
0%
carton of juice el brik de zumo
0%
schoolbag, satchel el cabás
0%
change el cambio
0%
basket of apples el canasto de manzanas
0%
bricklayer's basket el capazo de albañil
0%
cassette el casete
0%
small saucepan el cazo
0%
hundredth boy el centésimo niño
0%
shopping basket el cesto de la compra
0%
dirty-linen basket el cesto de ropa sucia
0%
cheque el cheque
0%
colander el colador
0%
container el contenedor
0%
bottle bank el contenedor de vidrio
0%
contents el contenido
0%
tie rack el corbatero
0%
credit el crédito
0%
quarter of an hour el cuarto de hora
0%
bucket el cubo
0%
trash can, rubbish bin el cubo de basura
0%
bowl of water el cuenco de agua
0%
gas/petrol tank el depósito de gasolina
0%
discount el descuento
0%
alarm clock el despertador
0%
dollar el dolár
0%
acquisition of wealth el enriquecimiento
0%
milk container/bottle el envase de leche
0%
store/shop window el escaparate
0%
colander el escurridor
0%
space el espacio
0%
shelf el estante
0%
glasses case el estuche de gafas
0%
end of the vacation/holidays el fin de las vacaciones
0%
Hungarian florin el florín húngaro
0%
Belgian franc el franco belga
0%
sink el fregadero
0%
uncertain future el futuro incierto
0%
number, figure el guarismo
0%
bundle of clothes el hatillo de ropa
0%
schedule, timetable el horario
0%
time zone el huso horario
0%
instant el instante
0%
winter el invierno
0%
pitcher, jug el jarro
0%
jewel case el joyero
0%
Thursday el jueves
0%
kilogram el kilogramo
0%
kilometre el kilómetro
0%
litre el litro
0%
key ring el llavero
0%
trunk, boot (in car) el maletero
0%
mid-day el mediodía
0%
Wednesday el miércoles
0%
thousandth spectator el milésimo espectador
0%
moment when el momento en que
0%
present el momento presente
0%
purse el monedero
0%
toilet kit/bag el neceser
0%
number one hundred and twenty-three el número ciento veintitrés
0%
fall, autumn el otoño
0%
couple of eggs el par de huevos
0%
two kilos in weight el peso de dos kilos
0%
Mexican peso el peso mexicano
0%
pepper-shaker el pimentero
0%
saucer el plátillo
0%
space/length of time el plazo de tiempo
0%
roof rack, trunk, boot el portaequipaje
0%
price el precio
0%
jackpot el premio gordo
0%
first book el primer libro
0%
beginning of the story el principio de la historia
0%
(stew)pot el puchero
0%
container el recipiente
0%
clock el reloj
0%
magazine rack el revistero
0%
rouble el rublo
0%
Saturday el sábado
0%
sack, bag el saco
0%
sack of sugar el saco de azúcar
0%
sleeping bag el saco de dormir
0%
salt-shaker/pot el salero
0%
frying pan el sartén
0%
dinner service el servicio de mesa
0%
century el siglo
0%
abundance of flowers el sinnúmero de flores
0%
metric system el sistema métrico
0%
shelf bracket el soporte de un estante
0%
prize draw el sorteo de un premio
0%
sack of potatoes el talego de patatas
0%
check, cheque el talón
0%
checkbook, chequebook el talonario
0%
size el tamaño
0%
tank of propane gas el tanque de propano
0%
jar of jam el tarro de mermelada
0%
bowl, mug el tazón
0%
third child el tercer niño
0%
third part el tercio
0%
Thermos flask el termo
0%
Time passes slowly El tiempo pasa despacio
0%
Time passes slowly El tiempo pasa lentamente
0%
Time passes slowly (R1) El tiempo pasa lento
0%
Time goes quickly El tiempo pasa rápidamente
0%
Times goes quickly (R1) El tiempo pasa rápido
0%
towel rail el toallero
0%
barrel of oil el tonel de aceite
0%
last knife el último cuchillo
0%
value el valor
0%
summer el verano
0%
Friday el viernes
0%
to begin to read empezar a leer
0%
to impoverish empobrecer
0%
in the year nineteen hundred en mil novecientos
0%
to make rich enriquecer
0%
to get rich enriquecerse
0%
immediately en seguida
0%
meanwhile entretanto
0%
to enumerate enumerar
0%
to make a mistake equivocarse
0%
It was five o'clock in the afternoon Eran las cinco de la tarde
0%
She's the third Es el tercero
0%
It's one o'clock in the afternoon Es la una de la tarde
0%
It's quarter past one Es la una y cuarto
0%
It's half past one Es la una y media
0%
It's three minutes past one Es la una y tres minutos
0%
He's taller than me Es más alto que yo
0%
It's mid-night Es media noche
0%
It's mid-day Es mediodía
0%
thick espeso
0%
It's the second of September Estamos a dos de septiembre
0%
It's the first of June Estamos a primero de junio
0%
Five o'clock is striking Están dando las cinco
0%
Money doesn't grow on trees Esto no es Jauja
0%
narrow estrecho
0%
thin flaco
0%
to win a fortune ganar una fortuna
0%
to spend money gastar dinero
0%
nowadays hoy en día
0%
hollow hueco
0%
I'll go on Sunday Iré el domingo
0%
She’s gotten more money than you I’ve gotten more than a thousand euros
0%
needle on scales la aguja de la balanza
0%
reservoir la alberca
0%
saddlebag, knapsack la alforja
0%
height of two metres la altura de dos metros
0%
chest la arca
0%
area la área
0%
handle la asa
0%
roof rack la baca
0%
basket of vegetable la banasta de legumbres
0%
tray la bandeja
0%
cask of wine (R2/3) la barrica de vino
0%
plastic bag la bolsa de plástico
0%
small wineskin la bota de vino
0%
bottle of water la botella de agua
0%
saucepan, pan la cacerola
0%
box la caja
0%
box of matches la caja de cerillas
0%
tool box la caja de herramientas
0%
toy box la caja de juguetes
0%
shoe box la caja de zapatos
0%
clothes basket, sewing basket la canasta de ropa
0%
wallet la cartera
0%
casserole la cazuela
0%
hundredth girl la centésima niña
0%
wicker/flexible basket la cesta
0%
digit/figure 5 la cifra 5
0%
Czech crown la corona checa
0%
barrel/cask of wine la cuba de vino
0%
spring of clock la cuerda del reloj
0%
debt la deuda
0%
dimension la dimensión
0%
salad bowl la ensaladera
0%
era, epoch la época
0%
era la era
0%
basket of sand (for workmen) la espuerta de arena
0%
shelf, series of shelves la estantería
0%
lunar phrase la fase lunar
0%
date la fecha
0%
fortune la fortuna
0%
knife sheath la funda de navaja
0%
umbrella sheath la funda de paraguas
0%
big jar of water la garrafa de agua
0%
exact time la hora exacta
0%
the hour of death la hora suprema
0%
piggy bank la hucha
0%
pitcher, jug la jarra
0%
washbowl, washbasin (R3) la jofaina
0%
pound sterling la libra esterlina
0%
Italian lira la lira italiana
0%
lottery la lotería
0%
suitcase la maleta
0%
butter dish la mantequera
0%
most of the time la mayoría de las veces
0%
half an hour la media hora
0%
measure la medida
0%
thousandth woman la milésima mujer
0%
nautical mile la milla marina
0%
poverty, wretchedness la miseria
0%
backpack, rucksack la mochila
0%
coin, currency la moneda
0%
fourteenth la niña catorce
0%
fortieth girl la niña cuarenta
0%
thirteenth girl la niña trece
0%
thirty-first girl la niña treinta y una
0%
twentieth girl la niña veinte/vigésima
0%
pot la olla
0%
pressure cooker la olla a presión
0%
pot of soup la olla de caldo
0%
darkness la oscuridad
0%
washbowl, washbasin la palangana
0%
paper basket/bin la papelera
0%
pair of socks la pareja de calcetines
0%
dough, bread (R1) la pasta
0%
peseta (R1) la pela
0%
clothes hanger la percha
0%
peseta la peseta
0%
cigarette case, tobacco pouch la petaca
0%
sink, basin la pila
0%
swimming pool la piscina
0%
poverty la pobreza
0%
spring la primavera
0%
first page la primera página
0%
limit, line la raya
0%
money belt la riñonera
0%
wealth la riqueza
0%
gravy boat, sauce boat la salsera
0%
next week la semana que viene
0%
present situation la situación actual
0%
surface la superficie
0%
cruet set las vinagreras
0%
cup la taza
0%
third word la tercera palabra
0%
large earthenware jar of water (R2/3) la tinaja de agua
0%
ton la tonelada
0%
last place la última plaza
0%
unit of measure la unidad de medida
0%
sword scabbard la vaina de espada
0%
diplomatic bag la valija diplomática
0%
daily life la vida diaria
0%
show case, display cabinet la vitrina
0%
flat, level llano
0%
to come unexpectedly llegar a deshora
0%
to arrive in time llegar a tiempo
0%
those who have just arrived los recién llegados
0%
to waste money malgastar el dinero
0%
to kill time matar el tiempo
0%
to measure medir
0%
eleven hundred men mil cien hombres
0%
eleven hundred plus mil ciento y pico
0%
a thousand million mil millones de
0%
My watch isn't working Mi reloj no anda
0%
poor, wretched miserable
0%
nine hundred novecientos
0%
ninth noveno
0%
ninety noventa
0%
ninety-one noventa y uno
0%
eighty ochenta
0%
eighty-one ochenta y uno
0%
eighth octavo
0%
to pay cash pagar al contado
0%
to pay in cash pagar en efectivo
0%
to pay in kind pagar en la misma moneda
0%
to pay cash pagar en metálico
0%
to spend the time reading pasar el rato leyendo
0%
to spend the time pasar el tiempo
0%
to spend a pleasant time passer un rato agradable
0%
to borrow a hundred dollars pedir prestados cien dólares
0%
to weigh one hundred kilos pesar cien kilos
0%
poor pobre
0%
for the first time por primera vez
0%
for the last time por última vez
0%
to loan prestar
0%
What's the time? ¿Qué hora es?
0%
How long is . . . ? ¿Qué longitud tiene . . . ?
0%
fifteen quince
0%
five hundred quinientos
0%
fifth quinto
0%
to repeat repetir
0%
to know how to count saber contar
0%
six hundred seiscientos
0%
seventh séptimo
0%
to be equal to ser igual a
0%
sixty sesenta
0%
sixty-one sesenta y uno
0%
seven hundred setecientos
0%
seventy setenta
0%
seventy-one setenta y uno
0%
sixth sexto
0%
week siempre
0%
It's exactly five o'clock Son las cinco en punto
0%
It's four minutes to five Son las cinco menos cuatro minutos
0%
It's two o'clock in the morning Son las dos de la madrugada
0%
It's quarter past eight Son las echo y cuarto
0%
It's six o'clock in the morning Son las seis de la mañana
0%
It's six o'clock in the evening Son las seis de la tarde
0%
to take so long in tardar tanto tiempo en
0%
to take a second to get ready tardar un segundo en prepararse
0%
to be two metres long tener dos metro de largo
0%
to be six metres high tener seis metros de alto
0%
to be twenty metres long tener una longitud de veinte metros
0%
to be a metre wide tener un metro de ancho
0%
to be a metre deep tener un metro de profundidad
0%
I’ve gotten more than a thousand euros Tengo más de mil euros
0%
to finish the work terminar el trabajo
0%
Have you any change? Tienes cambio?
0%
yet, still todavía
0%
thirty treinta
0%
thirty-one treinta y uno
0%
three hundred photos trescientas fotos
0%
three quarters of an hour tres cuartos de hora
0%
Three times four is twelve Tres por cuatro son doce
0%
to triple sales triplicar las ventas
0%
a fixed time una hora fija
0%
a billion dollars un billón de dólares
0%
eleventh undécimo
0%
a thousand soldiers un millar de soldados
0%
a million tourists un millón de turistas
0%
One plus six equals seven Uno más seis igual a siete
0%
One times one is one Uno por uno es uno
0%
to be worth a fortune valer un Perú
0%
I go there on Monday Voy allí los lunes
0%
No matching quizzes found
Score Distribution
Percent of People with Each Score
Percentile by Number Answered
Your Score History
You have not taken this quiz